| 000 | 00867cam a22002651 4500 | ||
|---|---|---|---|
| 001 | ne 66000614 | ||
| 003 | DLC | ||
| 005 | 20260227111821.0 | ||
| 008 | 910926s1957 ua 000 0 arar | ||
| 010 | _ane 66000614 | ||
| 035 | _a(OCoLC)24961226 | ||
| 040 |
_aDLC _cMH-L _dOCoLC _dDLC |
||
| 042 | _apremarc | ||
| 043 | _af-ua--- | ||
| 050 | 0 | 0 |
_aKRM4636 _b.J86 1957 |
| 100 | 1 | _aJumʻah, Rābiḥ Luṭfī. | |
| 245 | 1 | 0 |
_aQaḍāʼ al-naqḍ fī al-taftīsh, _cli-Rābiḥ Luṭfī Jumʻah. Taqdīm Muḥammad ʻAṭīyah Ismāʻīl. |
| 250 | _aal-Ṭabʻah 1. | ||
| 260 |
_aal-Qāhirah, _bMaktabat a-Nahḍah al-Miṣrīyah, _c1957. |
||
| 300 |
_a7, 202 p. _c24 cm. |
||
| 500 | _aIncludes legislation. | ||
| 650 | 0 |
_aCriminal investigation _zEgypt _xCases. |
|
| 650 | 0 |
_aSearches and seizures _zEgypt _xCases. |
|
| 700 | 1 | _aIsmāʻīl, Muḥammad ʻAṭīyah. | |
| 999 |
_c48762 _d48762 |
||